[Event "Staufer op 34th"]
[Site "Schwaebisch Gmuend"]
[Date "2024.01.02"]
[Round "1"]
[White "Haack, Kevin"]
[Black "Baeuml, Ulrich"]
[Result "1-0"]
[WhiteElo "2297"]
[BlackElo "2107"]
[PlyCount "41"]
[EventDate "2024.01.02"]
[EventType "swiss"]
[EventRounds "9"]
[EventCountry "GER"]
[SourceTitle "CBM 218 Extra"]
[Source "ChessBase"]
[SourceDate "2024.03.31"]
[SourceVersion "1"]
[SourceVersionDate "2024.03.31"]
[SourceQuality "1"]

1. c4 c5 2. Nc3 Nc6 3. g3 g6 4. Bg2 Bg7 5. a3 e6 6. b4 d6 7. Rb1 Nf6 8. e3 0-0 9. Nge2 cxb4 10. axb4 d5 11. c5 a5 12. b5 Ne5 13. Qc2 h5 14. 0-0 h4 15. f4 hxg3 16. fxe5 gxh2+ 17. Kh1 Nh5 18. d4 Bd7 19. Bf3 Qh4 20. Bxh5 Qxh5 21. Nf4 1-0

[Event "Bayern-chI Bank Hofmann 26th"]
[Site "Tegernsee"]
[Date "2023.10.29"]
[Round "2"]
[White "Unuk, Laura"]
[Black "Baeuml, Ulrich"]
[Result "1-0"]
[WhiteElo "2313"]
[BlackElo "2112"]
[PlyCount "59"]
[EventDate "2023.10.28"]
[EventType "swiss"]
[EventRounds "9"]
[EventCountry "GER"]
[SourceTitle "CBM 217 Extra"]
[Source "ChessBase"]
[SourceDate "2024.01.31"]
[SourceVersion "1"]
[SourceVersionDate "2024.01.31"]
[SourceQuality "1"]

1. e4 c5 2. Nf3 d6 3. d4 cxd4 4. Nxd4 Nf6 5. Nc3 a6 6. f3 e5 7. Nb3 Be6 8. Be3 Be7 9. Qd2 h5 10. 0-0-0 Nbd7 11. Kb1 Rc8 12. g3 b5 13. Nd5 Nxd5 14. exd5 Bf5 15. Bd3 Bxd3 16. cxd3 Nb6 17. Bxb6 Qxb6 18. d4 0-0 19. dxe5 dxe5 20. Na5 Rfd8 21. Qe1 Bd6 22. Nc6 Re8 23. Qe4 a5 24. g4 hxg4 25. fxg4 a4 26. Rhf1 a3 27. g5 Rc7 28. Rf3 g6 29. Rf6 Rd7 30. Rxg6+ 1-0

[Event "Bad Woerishofen op 38th"]
[Site "Bad Woerishofen"]
[Date "2023.03.08"]
[Round "6"]
[White "Pleyer, Felix"]
[Black "Baeuml, Ulrich"]
[Result "0-1"]
[WhiteElo "2026"]
[BlackElo "2092"]
[PlyCount "74"]
[EventDate "2023.03.03"]
[EventType "swiss"]
[EventRounds "9"]
[EventCountry "GER"]
[SourceTitle "CBM 213 Extra"]
[Source "ChessBase"]
[SourceDate "2023.05.31"]
[SourceVersion "1"]
[SourceVersionDate "2023.05.31"]
[SourceQuality "1"]

1. d4 Nf6 2. c4 g6 3. Nc3 Bg7 4. e4 d6 5. Be2 Nbd7 6. Be3 c6 7. Qd2 e5 8. d5 cxd5 9. cxd5 a6 10. Bh6 Bxh6 11. Qxh6 b5 12. b4 Qb6 13. Qe3 Qd4 14. Rb1 Nb6 15. Nf3 Qxe3 16. fxe3 Bd7 17. Nd2 Ke7 18. 0-0 Rhc8 19. Rbc1 Rc7 20. Rc2 Rac8 21. Rfc1 Na4 22. Bd3 Rxc3 23. Rxc3 Rxc3 24. Rxc3 Nxc3 25. a3 Nd1 26. h3 Nxe3 27. Kf2 Nd1+ 28. Kf3 Nb2 29. Bf1 Ne8 30. g4 Nc7 31. Nb1 Bc8 32. Nc3 Na8 33. Ke2 Nb6 34. Kd2 N2c4+ 35. Kc1 Nxa3 36. Kb2 Nac4+ 37. Kb1 Kf6 0-1

[Event "Mittelfrank Regionalliga Sud-West 2223"]
[Site "Mittelfranken"]
[Date "2023.02.05"]
[Round "6.4"]
[White "Baeuml, Ulrich"]
[Black "Wittke, Volker"]
[Result "0-1"]
[WhiteElo "2068"]
[BlackElo "2046"]
[PlyCount "66"]
[EventDate "2022.10.09"]
[EventType "team-tourn"]
[EventRounds "9"]
[EventCountry "GER"]
[SourceTitle "EXT 2024"]
[Source "ChessBase"]
[SourceDate "2023.10.10"]
[SourceVersion "1"]
[SourceVersionDate "2023.10.10"]
[SourceQuality "1"]
[WhiteTeam "Dillingen"]
[BlackTeam "Garching III"]
[WhiteTeamCountry "GER"]
[BlackTeamCountry "GER"]

1. Nf3 c5 2. c4 Nf6 3. g3 d5 4. cxd5 Nxd5 5. Nc3 Nc7 6. Bg2 Nc6 7. 0-0 e5 8. d3 Be7 9. Be3 Bd7 10. Rc1 Rc8 11. a3 0-0 12. Nd2 b6 13. Nc4 f6 14. f4 exf4 15. Bxf4 Be8 16. Ne4 Ne6 17. Ned6 Nxf4 18. Nxc8 Nxg2 19. Nxe7+ Qxe7 20. Kxg2 Bh5 21. Qd2 Bxe2 22. Rf4 Nd4 23. Re1 Qb7+ 24. Kf2 Bh5 25. g4 Bxg4 26. Qe3 Bh5 27. Qe7 Qb8 28. Qd6 Qc8 29. Re3 Rd8 30. Qe7 Qb8 31. Rh4 Bg6 32. Rg3 Re8 33. Qd6 Qb7 0-1

[Event "Mittelfrank Regionalliga Sud-West 2223"]
[Site "Mittelfranken"]
[Date "2022.11.27"]
[Round "3.5"]
[White "Cuadrado, Guillermo"]
[Black "Baeuml, Ulrich"]
[Result "1-0"]
[WhiteElo "2092"]
[BlackElo "2068"]
[PlyCount "95"]
[EventDate "2022.10.09"]
[EventType "team-tourn"]
[EventRounds "9"]
[EventCountry "GER"]
[SourceTitle "EXT 2024"]
[Source "ChessBase"]
[SourceDate "2023.10.10"]
[SourceVersion "1"]
[SourceVersionDate "2023.10.10"]
[SourceQuality "1"]
[WhiteTeam "Altstadt Roter Turm"]
[BlackTeam "Dillingen"]
[WhiteTeamCountry "GER"]
[BlackTeamCountry "GER"]

1. d4 Nf6 2. Bf4 d6 3. Nc3 Nbd7 4. Nf3 g6 5. e4 Bg7 6. Qd2 c5 7. dxc5 Nxc5 8. e5 Nh5 9. Be3 0-0 10. exd6 exd6 11. 0-0-0 Qa5 12. Bd4 Be6 13. a3 Rac8 14. Kb1 a6 15. Bxg7 Nxg7 16. Nd4 Na4 17. Nxa4 Qxa4 18. Qb4 Qxb4 19. axb4 Rfd8 20. Bd3 Bd5 21. f3 h5 22. h4 Kf8 23. Rhe1 Re8 24. Kc1 Re5 25. Kd2 Ne6 26. Nxe6+ Rxe6 27. Rxe6 Bxe6 28. c3 Ke7 29. Ke3 Bc4 30. Be4 Rc7 31. f4 f5 32. Bf3 Bb5 33. Re1 Kd7 34. Bd5 Bc4 35. Kd4 b5 36. Re6 Rc8 37. Rxg6 Re8 38. Rg7+ Kd8 39. Bxc4 bxc4 40. g3 Re2 41. Kxc4 Rxb2 42. Kd5 Rd2+ 43. Ke6 Rd3 44. c4 Rd4 45. Rd7+ Kc8 46. Rxd6 Rxc4 47. Rxa6 Rxb4 48. Kxf5 1-0

[Event "Bayern-chI Bank Hofmann 25th"]
[Site "Tegernsee"]
[Date "2022.11.05"]
[Round "1"]
[White "Baeuml, Ulrich"]
[Black "Vocaturo, Daniele"]
[Result "0-1"]
[WhiteElo "2114"]
[BlackElo "2624"]
[PlyCount "66"]
[EventDate "2022.11.05"]
[EventType "swiss"]
[EventRounds "9"]
[EventCountry "GER"]
[SourceTitle "CBM 211 Extra"]
[Source "ChessBase"]
[SourceDate "2023.01.31"]
[SourceVersion "1"]
[SourceVersionDate "2023.01.31"]
[SourceQuality "1"]

1. c4 c5 2. Nc3 Nc6 3. g3 g6 4. Bg2 Bg7 5. e3 h5 6. h4 d6 7. Nge2 Bg4 8. 0-0 Qd7 9. d3 Ne5 10. f4 Nc6 11. Kh2 e6 12. Rb1 Nge7 13. Ne4 0-0 14. b3 Nf5 15. Qd2 Qe7 16. Ng5 Rad8 17. Nc3 Nxe3 18. Qxe3 Bxc3 19. Bb2 Bd4 20. Bxd4 Nxd4 21. Nf3 Bxf3 22. Bxf3 b6 23. Bg2 Rfe8 24. Rf2 d5 25. Re1 Nf5 26. Qc1 dxc4 27. dxc4 Rd3 28. Rf3 Red8 29. Ref1 Rd2 30. R3f2 Qd6 31. Qe1 Qd4 32. Re2 Qd3 33. Rxd2 Qxd2 0-1

[Event "Rottach Egern Seniors Cup 10th"]
[Site "Rottach Egern"]
[Date "2022.04.01"]
[Round "7"]
[White "Baeuml, Ulrich"]
[Black "Haubt, Georg"]
[Result "0-1"]
[WhiteElo "2088"]
[BlackElo "2120"]
[PlyCount "80"]
[EventDate "2022.03.26"]
[EventType "swiss"]
[EventRounds "9"]
[EventCountry "GER"]
[SourceTitle "CBM 207 Extra"]
[Source "ChessBase"]
[SourceDate "2022.05.31"]
[SourceVersion "1"]
[SourceVersionDate "2022.05.31"]
[SourceQuality "1"]

1. c4 Nf6 2. g3 e5 3. Bg2 h5 4. h4 Bc5 5. Nc3 c6 6. d3 d6 7. Bg5 Qb6 8. e3 Ng4 9. Nge2 f6 10. d4 Bb4 11. dxe5 fxg5 12. hxg5 0-0 13. Rxh5 g6 14. Rh4 Nxf2 15. Qd4 Qxd4 16. exd4 dxe5 17. dxe5 Nd3+ 18. Kd2 Nxe5 19. Rah1 Bf5 20. Nf4 Na6 21. Ke2 Nf7 22. Ncd5 Nxg5 23. g4 Rae8+ 24. Kd1 Be4 25. Bxe4 Rxe4 26. Nxg6 cxd5 27. Nxf8 Bxf8 28. Rh5 Be7 29. cxd5 Rd4+ 30. Kc1 Rxd5 31. a3 Nc5 32. Kc2 Nce4 33. Re1 Rd2+ 34. Kb3 Bf6 35. Rb1 Nc5+ 36. Kc4 Rc2+ 37. Kd5 Nb3 38. Rf1 Kg7 39. Rb1 Kg6 40. Kd6 b5 0-1

[Event "Rottach Egern Seniors Cup 10th"]
[Site "Rottach Egern"]
[Date "2022.03.29"]
[Round "4"]
[White "Luciani, Carlo"]
[Black "Baeuml, Ulrich"]
[Result "0-1"]
[WhiteElo "2170"]
[BlackElo "2088"]
[PlyCount "154"]
[EventDate "2022.03.26"]
[EventType "swiss"]
[EventRounds "9"]
[EventCountry "GER"]
[SourceTitle "CBM 207 Extra"]
[Source "ChessBase"]
[SourceDate "2022.05.31"]
[SourceVersion "1"]
[SourceVersionDate "2022.05.31"]
[SourceQuality "1"]

1. e4 e6 2. d4 d5 3. Nd2 Nf6 4. e5 Nfd7 5. Bd3 c5 6. c3 Nc6 7. Ne2 cxd4 8. cxd4 f6 9. exf6 Nxf6 10. Nf3 Bd6 11. Bg5 0-0 12. 0-0 Qc7 13. Bh4 Nh5 14. Qc2 h6 15. Bh7+ Kh8 16. Bg6 Rxf3 17. Bxh5 Bxh2+ 18. Kh1 Rf5 19. Bg6 Bd6 20. Bxf5 exf5 21. Rae1 Be6 22. f4 Qf7 23. Rf3 Qh5 24. Rh3 Qg4 25. Rf1 Bf7 26. Qd2 Re8 27. Nc3 Bb4 28. Rff3 Bh5 29. Bf2 Qg6 30. Re3 Re4 31. Rxe4 fxe4 32. Qe3 Bxc3 33. Qxc3 Bg4 34. Rh4 h5 35. Rh2 Qf6 36. Be3 Ne7 37. g3 Nf5 38. Kg2 Qg6 39. Kf1 Nxg3+ 40. Ke1 Qa6 41. Rf2 Qxa2 42. f5 Qb1+ 43. Bc1 e3 44. Qxe3 Nxf5 45. Qf4 Qd3 46. Rd2 Qc4 47. Rh2 Qd3 48. Rd2 Qb1 49. Rg2 Kh7 50. Kf2 Qd3 51. Kg1 Nh4 52. Rf2 Qh3 53. Qh2 Nf3+ 54. Rxf3 Qxf3 55. Qf4 Qxf4 56. Bxf4 Kg6 57. Kf2 Kf5 58. Ke3 Bd1 59. Bc7 g5 60. Bd6 a5 61. Bc7 a4 62. Bd6 b5 63. Kd2 Bb3 64. Ke3 Bc4 65. Kf3 h4 66. Ke3 Bb3 67. Bc7 Bc2 68. Bd6 Bd1 69. Kd2 Bh5 70. Ke3 h3 71. Kd3 Kg4 72. Ke3 Bg6 73. Kf2 Be4 74. Kg1 Kf3 75. Kh2 g4 76. Bb4 g3+ 77. Kxh3 Bf5+ 0-1

[Event "Rottach Egern Seniors Cup 10th"]
[Site "Rottach Egern"]
[Date "2022.03.28"]
[Round "3"]
[White "Baeuml, Ulrich"]
[Black "Walther, Reinhard"]
[Result "1-0"]
[WhiteElo "2088"]
[BlackElo "1945"]
[PlyCount "143"]
[EventDate "2022.03.26"]
[EventType "swiss"]
[EventRounds "9"]
[EventCountry "GER"]
[SourceTitle "CBM 207 Extra"]
[Source "ChessBase"]
[SourceDate "2022.05.31"]
[SourceVersion "1"]
[SourceVersionDate "2022.05.31"]
[SourceQuality "1"]

1. c4 c6 2. Nf3 Nf6 3. g3 d5 4. cxd5 cxd5 5. d4 Nc6 6. Bg2 e6 7. 0-0 Bd6 8. Bg5 h6 9. Bxf6 Qxf6 10. Nc3 Bb4 11. Nb5 Qe7 12. a3 Ba5 13. b4 Bb6 14. Nc3 0-0 15. Qd3 f5 16. b5 Na5 17. Ne5 Rf6 18. e3 Qd6 19. Na4 Bd7 20. Rfc1 Rff8 21. f4 Rac8 22. Bf1 Nc4 23. Nxd7 Qxd7 24. Qb3 Nd2 25. Qb4 Nxf1 26. Kxf1 Rc7 27. Nc5 Qe7 28. Rc3 Rfc8 29. Rac1 Kf7 30. Ke2 h5 31. Kd2 h4 32. Nxb7 Rxc3 33. Qxe7+ Kxe7 34. Rxc3 Rh8 35. Ke2 hxg3 36. hxg3 Rh2+ 37. Kf3 Rb2 38. a4 Ra2 39. Nc5 Kd6 40. g4 g6 41. Nd3 fxg4+ 42. Kxg4 Rg2+ 43. Kf3 Ra2 44. Nc5 Ke7 45. Rc1 Kd6 46. Rg1 Bxc5 47. dxc5+ Kxc5 48. Rxg6 Rxa4 49. Rxe6 d4 50. exd4+ Rxd4 51. Re5+ Kd6 52. Kg4 Rd1 53. Kf5 Rg1 54. Kf6 Rg8 55. Re6+ Kc5 56. Re7 Kxb5 57. Rxa7 Kc6 58. Re7 Kd6 59. f5 Rf8+ 60. Rf7 Rg8 61. Ra7 Rf8+ 62. Kg6 Rg8+ 63. Kf7 Rg1 64. Re7 Rg2 65. Re1 Ra2 66. f6 Rg2 67. Re3 Rf2 68. Kg7 Rg2+ 69. Kf8 Rf2 70. f7 Ra2 71. Rg3 Ra7 72. Kg8 1-0

[Event "Rottach Egern Seniors Cup 10th"]
[Site "Rottach Egern"]
[Date "2022.03.27"]
[Round "2"]
[White "Schicker, Rudolf"]
[Black "Baeuml, Ulrich"]
[Result "0-1"]
[WhiteElo "1822"]
[BlackElo "2088"]
[PlyCount "42"]
[EventDate "2022.03.26"]
[EventType "swiss"]
[EventRounds "9"]
[EventCountry "GER"]
[SourceTitle "CBM 207 Extra"]
[Source "ChessBase"]
[SourceDate "2022.05.31"]
[SourceVersion "1"]
[SourceVersionDate "2022.05.31"]
[SourceQuality "1"]

1. Nf3 Nf6 2. c4 c5 3. b3 b6 4. g3 Bb7 5. Bg2 e6 6. 0-0 Be7 7. Bb2 0-0 8. Nc3 d5 9. cxd5 exd5 10. d4 Nbd7 11. Rc1 Re8 12. Rc2 Rc8 13. Qa1 Bf8 14. e3 a6 15. Rd1 c4 16. bxc4 Rxc4 17. Rdc1 b5 18. a4 b4 19. Nxd5 Rxc2 20. Nxf6+ Qxf6 21. Rxc2 Bxf3 0-1

[Event "Landesliga Sued 1819"]
[Site "Bayern"]
[Date "2019.04.07"]
[Round "9.5"]
[White "Baeuml, Ulrich"]
[Black "Kempter, Ronald"]
[Result "1/2-1/2"]
[WhiteElo "2062"]
[BlackElo "2157"]
[PlyCount "65"]
[EventDate "2018.10.21"]
[EventType "team-tourn"]
[EventRounds "9"]
[EventCountry "GER"]
[SourceTitle "EXT 2022"]
[Source "ChessBase"]
[SourceDate "2021.10.06"]
[SourceVersion "1"]
[SourceVersionDate "2021.10.06"]
[SourceQuality "1"]
[WhiteTeam "Dillingen"]
[BlackTeam "Groebenzell"]
[WhiteTeamCountry "GER"]
[BlackTeamCountry "GER"]

1. Nf3 Nf6 2. g3 g6 3. Bg2 Bg7 4. 0-0 0-0 5. c4 c5 6. Nc3 Nc6 7. d3 d5 8. cxd5 Nxd5 9. Bd2 Nc7 10. Rc1 b6 11. a3 Bd7 12. h4 h6 13. Be3 Ne6 14. b4 Rc8 15. bxc5 bxc5 16. Ne4 Ncd4 17. Nxc5 Nxc5 18. Nxd4 Bxd4 19. Bxd4 Ba4 20. Bxc5 Bxd1 21. Rfxd1 Rxc5 22. Rxc5 Qb6 23. d4 Rd8 24. Re5 Qb3 25. Rd3 Qb1+ 26. Kh2 e6 27. d5 Qb2 28. f4 exd5 29. Bxd5 Kf8 30. Kh3 Re8 31. Rb3 Qa1 32. Rxe8+ Kxe8 33. Bf3 1/2-1/2

[Event "Staufer op 31st"]
[Site "Schwaebisch Gmuend"]
[Date "2019.01.06"]
[Round "9"]
[White "Stillger, Bernhard"]
[Black "Baeuml, Ulrich"]
[Result "1-0"]
[WhiteElo "2233"]
[BlackElo "2097"]
[PlyCount "111"]
[EventDate "2019.01.02"]
[EventType "swiss"]
[EventRounds "9"]
[EventCountry "GER"]
[SourceTitle "CBM 188 Extra"]
[Source "ChessBase"]
[SourceDate "2019.02.28"]
[SourceVersion "1"]
[SourceVersionDate "2019.02.28"]
[SourceQuality "1"]

1. Nf3 Nf6 2. c4 c5 3. b3 g6 4. Bb2 Bg7 5. g3 b6 6. Bg2 Bb7 7. 0-0 0-0 8. d4 cxd4 9. Qxd4 Nh5 10. Qd2 Bxb2 11. Qxb2 d6 12. Nc3 Nf6 13. Rfd1 Nbd7 14. Ne1 Bxg2 15. Nxg2 Re8 16. Nf4 Rc8 17. Nfd5 Rc5 18. Rd4 h5 19. Rad1 Nxd5 20. Rxd5 Nf6 21. R5d4 Qc8 22. f3 a6 23. a4 Re5 24. e4 h4 25. g4 h3 26. Qe2 Rg5 27. Qe3 Rc5 28. Nd5 Nxd5 29. Rxd5 Qe6 30. Kf2 Qf6 31. Kg3 Rxd5 32. Rxd5 e5 33. Kxh3 g5 34. Kg2 Kg7 35. Rd2 Rb8 36. Rd5 b5 37. axb5 axb5 38. cxb5 Rh8 39. Rd2 Qh6 40. Kg1 Ra8 41. Kg2 Rh8 42. Kg1 Ra8 43. Rf2 Ra3 44. b6 Qh3 45. Qxg5+ Kf8 46. Qd8+ Kg7 47. Qg5+ Kf8 48. Qc1 Rxb3 49. b7 Kg7 50. Rb2 Qxf3 51. b8Q Rxb8 52. Qg5+ Kh7 53. Qh4+ Kg7 54. Rxb8 Qd1+ 55. Kg2 Qe2+ 56. Qf2 1-0

[Event "Staufer op 31st"]
[Site "Schwaebisch Gmuend"]
[Date "2019.01.03"]
[Round "3"]
[White "Baeuml, Ulrich"]
[Black "Jansen, Dirk Norbert"]
[Result "1/2-1/2"]
[WhiteElo "2097"]
[BlackElo "2222"]
[PlyCount "35"]
[EventDate "2019.01.02"]
[EventType "swiss"]
[EventRounds "9"]
[EventCountry "GER"]
[SourceTitle "CBM 188 Extra"]
[Source "ChessBase"]
[SourceDate "2019.02.28"]
[SourceVersion "1"]
[SourceVersionDate "2019.02.28"]
[SourceQuality "1"]

1. c4 e5 2. Nc3 Nf6 3. g3 c6 4. e4 Bc5 5. Bg2 d6 6. Nge2 Be6 7. b3 d5 8. exd5 cxd5 9. Na4 Be7 10. 0-0 Nc6 11. d4 exd4 12. Nxd4 Nxd4 13. Qxd4 dxc4 14. Qxd8+ Rxd8 15. Bxb7 0-0 16. Be3 cxb3 17. axb3 Bxb3 18. Nc5 1/2-1/2

[Event "Landesliga Sued 1819"]
[Site "Bayern"]
[Date "2018.11.11"]
[Round "2.4"]
[White "Schwarzmeier, Klaus"]
[Black "Baeuml, Ulrich"]
[Result "1-0"]
[WhiteElo "2171"]
[BlackElo "2062"]
[PlyCount "49"]
[EventDate "2018.10.21"]
[EventType "team-tourn"]
[EventRounds "9"]
[EventCountry "GER"]
[SourceTitle "EXT 2022"]
[Source "ChessBase"]
[SourceDate "2021.10.06"]
[SourceVersion "1"]
[SourceVersionDate "2021.10.06"]
[SourceQuality "1"]
[WhiteTeam "Rottal Inn"]
[BlackTeam "Dillingen"]
[WhiteTeamCountry "GER"]
[BlackTeamCountry "GER"]

1. Nf3 d5 2. b3 Nf6 3. Bb2 g6 4. d3 Bg7 5. g3 0-0 6. Bg2 c5 7. Nbd2 Nc6 8. 0-0 Bg4 9. h3 Bf5 10. Ne5 Nxe5 11. Bxe5 h5 12. Nf3 Qd7 13. Kh2 Rad8 14. Qd2 Rfe8 15. Rab1 b6 16. b4 c4 17. b5 Qc8 18. a4 Nd7 19. Bxg7 Kxg7 20. Nd4 Nc5 21. Nc6 cxd3 22. cxd3 Rd7 23. Rfc1 d4 24. Qf4 f6 25. Nxd4 1-0

[Event "Bayern-chI Bank Hofmann 22nd"]
[Site "Tegernsee"]
[Date "2018.11.02"]
[Round "7"]
[White "Baeuml, Ulrich"]
[Black "Dobrikov, Marco"]
[Result "0-1"]
[WhiteElo "2088"]
[BlackElo "2231"]
[PlyCount "66"]
[EventDate "2018.10.27"]
[EventType "swiss"]
[EventRounds "9"]
[EventCountry "GER"]
[SourceTitle "CBM 187 Extra"]
[Source "ChessBase"]
[SourceDate "2018.11.04"]
[SourceVersion "1"]
[SourceVersionDate "2018.11.04"]
[SourceQuality "1"]

1. Nf3 c5 2. c4 Nc6 3. Nc3 g6 4. g3 Bg7 5. Bg2 e6 6. 0-0 Nge7 7. d4 cxd4 8. Nb5 d5 9. cxd5 Nxd5 10. Nbxd4 Qb6 11. Nb3 0-0 12. e4 Ndb4 13. Be3 Qa6 14. Nc5 Qc4 15. Qd6 Bxb2 16. Rad1 Bf6 17. Qf4 Bg7 18. Rc1 Qxa2 19. Rfd1 b6 20. Nd7 Bxd7 21. Rxd7 Rad8 22. Rxd8 Nxd8 23. Bf1 Nc2 24. Bd2 e5 25. Qh4 Nd4 26. Nxd4 Qxd2 27. Ne2 Ne6 28. Ra1 a5 29. Rb1 Ng5 30. Kg2 Qd3 31. Rxb6 Qf3+ 32. Kg1 Nxe4 33. g4 g5 0-1

[Event "Bayern-chI Bank Hofmann 22nd"]
[Site "Tegernsee"]
[Date "2018.11.01"]
[Round "6"]
[White "Forchert, Martin"]
[Black "Baeuml, Ulrich"]
[Result "0-1"]
[WhiteElo "2363"]
[BlackElo "2088"]
[PlyCount "74"]
[EventDate "2018.10.27"]
[EventType "swiss"]
[EventRounds "9"]
[EventCountry "GER"]
[SourceTitle "CBM 187 Extra"]
[Source "ChessBase"]
[SourceDate "2018.11.04"]
[SourceVersion "1"]
[SourceVersionDate "2018.11.04"]
[SourceQuality "1"]

1. e4 e6 2. d4 d5 3. Nd2 Nf6 4. e5 Nfd7 5. Bd3 c5 6. c3 Nc6 7. Ne2 cxd4 8. cxd4 f6 9. exf6 Nxf6 10. Nf3 Qc7 11. 0-0 Bd6 12. h3 0-0 13. Be3 Bd7 14. Rc1 Rae8 15. Nc3 Qb8 16. Nb5 Bf4 17. Qd2 Ne4 18. Bxe4 dxe4 19. Bxf4 Qxf4 20. Qxf4 Rxf4 21. Nd2 Ref8 22. g3 R4f5 23. Nd6 Rd5 24. N2xe4 Nxd4 25. Rc7 Nf3+ 26. Kg2 Nd2 27. Nxd2 Rxd6 28. Nc4 Bc6+ 29. f3 Rd5 30. b3 Rdf5 31. Nd2 Ra5 32. a4 Rc5 33. Re7 Bd5 34. Rf2 Rc3 35. h4 h6 36. g4 Rd8 37. Ne4 Rcc8 0-1

[Event "Bayern-ch"]
[Site "Rosenheim"]
[Date "2017.08.23"]
[Round "5"]
[White "Boes, Christoph"]
[Black "Baeuml, Ulrich"]
[Result "0-1"]
[WhiteElo "1949"]
[BlackElo "2098"]
[PlyCount "78"]
[EventDate "2017.08.20"]
[EventType "swiss"]
[EventRounds "9"]
[EventCountry "GER"]
[SourceTitle "EXT 2019"]
[Source "ChessBase"]
[SourceDate "2018.10.10"]
[SourceVersion "1"]
[SourceVersionDate "2018.10.10"]
[SourceQuality "1"]

1. e4 e6 2. d3 d5 3. Nd2 Nf6 4. Ngf3 c5 5. g3 Nc6 6. Bg2 Be7 7. 0-0 dxe4 8. dxe4 e5 9. c3 0-0 10. Qc2 h6 11. Nc4 Qc7 12. Ne3 Be6 13. Nh4 Rfd8 14. f4 exf4 15. gxf4 Ng4 16. Nhf5 Nxe3 17. Nxe3 Bd6 18. Qf2 f6 19. Qh4 c4 20. Kh1 Bc5 21. Ng4 Bxg4 22. Qxg4 Qd7 23. Qh5 Qe7 24. Qe2 Rd3 25. e5 f5 26. Rf3 Rad8 27. Be3 Bxe3 28. Rxe3 Qc5 29. Rg3 b5 30. Rxd3 cxd3 31. Qd2 a5 32. Re1 a4 33. Re3 Qc4 34. Rf3 Qxa2 35. Bf1 a3 36. Rxd3 Rxd3 37. Qxd3 axb2 38. Qxf5 b1Q 39. Qc8+ Kh7 0-1

[Event "Landesliga Sued 1617"]
[Site "Bayern"]
[Date "2017.04.30"]
[Round "9.6"]
[White "Baeuml, Ulrich"]
[Black "Bielmeier, Ludwig"]
[Result "1-0"]
[WhiteElo "2054"]
[BlackElo "1998"]
[PlyCount "71"]
[EventDate "2016.10.16"]
[EventType "team-tourn"]
[EventRounds "9"]
[EventCountry "GER"]
[SourceTitle "EXT 2019"]
[Source "ChessBase"]
[SourceDate "2018.10.10"]
[SourceVersion "1"]
[SourceVersionDate "2018.10.10"]
[SourceQuality "1"]
[WhiteTeam "Dillingen"]
[BlackTeam "Deggendorf"]
[WhiteTeamCountry "GER"]
[BlackTeamCountry "GER"]

1. Nf3 Nf6 2. g3 d6 3. c4 Nbd7 4. Bg2 e5 5. d3 g6 6. Nc3 Bg7 7. 0-0 0-0 8. Rb1 a5 9. a3 c6 10. b4 axb4 11. axb4 Re8 12. Qc2 d5 13. cxd5 cxd5 14. Nb5 Ra6 15. Bg5 h6 16. Bd2 Rc6 17. Qb3 Qb6 18. Nc3 d4 19. Na4 Qb5 20. Nh4 Ra6 21. Ra1 Nf8 22. Nc5 Rxa1 23. Rxa1 b6 24. Ra7 Ne6 25. Qa4 Qxa4 26. Nxa4 b5 27. Nb6 Nf8 28. Bc6 N6d7 29. Bxb5 Rd8 30. Nxc8 Rxc8 31. Bxd7 Rc2 32. Nf3 f5 33. Ba4 Rb2 34. e4 dxe3 35. fxe3 e4 36. Rxg7+ 1-0

[Event "Landesliga Sued 1617"]
[Site "Bayern"]
[Date "2017.04.02"]
[Round "8.6"]
[White "Gruettner, Ralf"]
[Black "Baeuml, Ulrich"]
[Result "1-0"]
[WhiteElo "2089"]
[BlackElo "2054"]
[PlyCount "107"]
[EventDate "2016.10.16"]
[EventType "team-tourn"]
[EventRounds "9"]
[EventCountry "GER"]
[SourceTitle "EXT 2019"]
[Source "ChessBase"]
[SourceDate "2018.10.10"]
[SourceVersion "1"]
[SourceVersionDate "2018.10.10"]
[SourceQuality "1"]
[WhiteTeam "Freising"]
[BlackTeam "Dillingen"]
[WhiteTeamCountry "GER"]
[BlackTeamCountry "GER"]

1. e4 e6 2. d4 d5 3. Nd2 c5 4. exd5 exd5 5. Ngf3 Nc6 6. Bb5 Bd6 7. dxc5 Bxc5 8. 0-0 Nge7 9. Nb3 Bd6 10. Bg5 0-0 11. Re1 Bg4 12. Be2 Qc7 13. Bxe7 Nxe7 14. h3 Bh5 15. c3 Rad8 16. Nfd4 Bxe2 17. Qxe2 a6 18. Rad1 Qd7 19. Qg4 Qxg4 20. hxg4 g6 21. Kf1 Rd7 22. Re2 Rfd8 23. Red2 Kg7 24. Rd3 Rc8 25. Nc2 Rcd8 26. Ne3 Bf4 27. Nc5 Rc7 28. Nxd5 Nxd5 29. Rxd5 Rxd5 30. Rxd5 Bc1 31. Nd3 Bxb2 32. Nxb2 Rxc3 33. Rd2 b5 34. Ke2 a5 35. Nd1 Rc1 36. Rb2 b4 37. a3 bxa3 38. Ra2 Rc4 39. f3 h5 40. gxh5 gxh5 41. Rxa3 Rc2+ 42. Kf1 Rc1 43. Ke1 Rc5 44. Ne3 h4 45. Ra4 h3 46. gxh3 f5 47. Kf2 Kg6 48. Nc4 Kg5 49. Ke3 Rc8 50. h4+ Kh5 51. Nd6 Rc3+ 52. Kf4 Kxh4 53. Rxa5 Kh5 54. Rxf5+ 1-0

[Event "Landesliga Sued 1617"]
[Site "Bayern"]
[Date "2017.03.19"]
[Round "7.6"]
[White "Baeuml, Ulrich"]
[Black "Mueller, Marcus"]
[Result "1/2-1/2"]
[WhiteElo "2054"]
[BlackElo "2159"]
[PlyCount "105"]
[EventDate "2016.10.16"]
[EventType "team-tourn"]
[EventRounds "9"]
[EventCountry "GER"]
[SourceTitle "EXT 2019"]
[Source "ChessBase"]
[SourceDate "2018.10.10"]
[SourceVersion "1"]
[SourceVersionDate "2018.10.10"]
[SourceQuality "1"]
[WhiteTeam "Dillingen"]
[BlackTeam "Garching II"]
[WhiteTeamCountry "GER"]
[BlackTeamCountry "GER"]

1. c4 c6 2. Nc3 g6 3. Nf3 Bg7 4. d4 d5 5. cxd5 cxd5 6. Bf4 Nc6 7. e3 Nf6 8. h3 0-0 9. Be2 Bf5 10. g4 Be6 11. Ng5 Bd7 12. 0-0 Rc8 13. Rc1 Na5 14. Nf3 h6 15. Ne5 Be8 16. Bg3 a6 17. b3 b5 18. Nd3 Bc6 19. Nc5 Qb6 20. Bf3 Rfd8 21. h4 Ne8 22. h5 g5 23. Be2 e5 24. dxe5 Qxc5 25. Nxb5 Qb6 26. Nd4 Bd7 27. Bd3 Nc6 28. Nf5 Bf8 29. Bb1 Nb4 30. Rxc8 Bxc8 31. a3 Bxf5 32. gxf5 Nc6 33. f6 Nxe5 34. Bxe5 Nxf6 35. Qc2 Bg7 36. Rc1 Qe6 37. Qf5 Qxf5 38. Bxf5 Nxh5 39. Bc7 Ra8 40. b4 Nf6 41. Rc6 Ne4 42. Bxe4 dxe4 43. a4 Kf8 44. b5 axb5 45. axb5 Ra1+ 46. Kg2 Rb1 47. b6 Ke7 48. Bg3 Kd8 49. Rc4 f5 50. Rc5 f4 51. exf4 Rxb6 52. fxg5 Re6 53. gxh6 1/2-1/2